Hugo Grotius und die Antike. Römisches Recht und römische Ethik im frühneuzeitlichen Naturrecht.
Guardat en:
| Autor principal: | |
|---|---|
| Format: | Llibre |
| Publicat: |
Baden-Baden, Deutschland:
Nomos,
2007.
|
| Matèries: | |
| Etiquetes: |
Afegir etiqueta
Sense etiquetes, Sigues el primer a etiquetar aquest registre!
|
MARC
| LEADER | 00000nam a22000007a 4500 | ||
|---|---|---|---|
| 003 | CL-VaPUC | ||
| 005 | 20230615084158.0 | ||
| 008 | 220802t2007|||| |||| 00| 0 eng d | ||
| 999 | |c 437869 |d 437867 | ||
| 020 | |a 978-3-8329-2692-2 | ||
| 040 | |c Pontificia Universidad Católica de Valparaíso | ||
| 082 | 7 | |a 341.092 STR 2007 |2 22 | |
| 100 | 1 | |a Straumann, Benjamin |e autor |9 874605 | |
| 245 | |a Hugo Grotius und die Antike. |b Römisches Recht und römische Ethik im frühneuzeitlichen Naturrecht. | ||
| 260 | |a Baden-Baden, Deutschland: |b Nomos, |c 2007. | ||
| 300 | |a 221 páginas. | ||
| 500 | |a c.1. Donación Familia Prof. Alejandro Guzmán Brito. | ||
| 583 | |c 20220802 |k Cristina María Rojas Aguilar | ||
| 600 | 0 | |a Grotius, Hugo, |9 399147 |d 1583-1645. | |
| 650 | 0 | |a Ética legal |9 874606 | |
| 650 | |a Derecho romano |9 874607 | ||
| 942 | |2 ddc |c BK |n 0 | ||
| 952 | |0 0 |1 0 |2 ddc |4 0 |6 341_092000000000000_STR_2007 |7 1 |8 C_AGB |9 585720 |a BIBDER |b BIBDER |d 2022-08-02 |e Donación |i 5653707 |o 341.092 STR 2007 |p 5653707 |r 2023-01-25 |t 1 |w 2022-08-02 |y BK_US |k AGB | ||